| 000 | 01444cam a2200337 a 4500 | ||
|---|---|---|---|
| 001 | 13422137 | ||
| 005 | 20250505135819.0 | ||
| 008 | 031203s2004 dcua b 001 0 eng | ||
| 010 | _a 2003065582 | ||
| 020 | _a0881323713 (pbk.) | ||
| 040 |
_aDLC _cDLC _dDLC |
||
| 042 | _apcc | ||
| 043 | _ad------ | ||
| 050 | 0 | 0 |
_aHG3891.5 _b.R68 2004 |
| 082 | 0 | 0 |
_a338.543 _bROU |
| 100 | 1 |
_aRoubini, Nouriel _9128813 |
|
| 245 | 1 | 0 |
_aBailouts or bail-ins? : _bresponding to financial crises in emerging economies / _cNouriel Roubini and Brad Setser. |
| 260 |
_aWashington, DC. : _bInstitute for International Economics, _c2004. |
||
| 300 |
_axiv, 427 p. : _bill. ; _c23 cm. |
||
| 500 | _a"A Council on Foreign Relations book." | ||
| 504 | _aIncludes bibliographical references (p. 391-405) and index. | ||
| 650 | 0 |
_aLoans, Foreign _zDeveloping countries. _9128814 |
|
| 650 | 0 |
_aFinancial crises _zDeveloping countries. _9128815 |
|
| 650 | 0 |
_aInternational finance. _93156 |
|
| 650 | 0 |
_aDebt _zDeveloping countries. _9128816 |
|
| 650 | 0 |
_aBailouts (Government policy) _9128817 |
|
| 700 | 1 |
_aSetser, Brad. _9128818 |
|
| 906 |
_a7 _bcbc _corignew _d1 _eocip _f20 _gy-gencatlg |
||
| 942 |
_2ddc _cBK |
||
| 999 |
_c613655 _d613655 |
||